Термоупругие мартенситные превращения и функциональные свойства в монокристаллах ферромагнитного сплава Co- Ni- Ga с наноразмерными частицами γ'- фазы: автореферат диссертации на соискание ученой степени кандидата физико-математических наук; Спец. 01.04.07

التفاصيل البيبلوغرافية
المؤلف الرئيسي: Куксгаузен И. В. Ирина Владимировна
مؤلف مشترك: Национальный исследовательский Томский государственный университет (ТГУ) Сибирский физико-технический институт им. В. Д. Кузнецова (СФТИ) Физический факультет
مؤلفون آخرون: Киреева И. В. Ирина Васильевна (научный руководитель)
الملخص:Защита сост. 17.12.2015 г.
اللغة:الروسية
منشور في: Томск, 2015
الموضوعات:
التنسيق: كتاب
KOHA link:https://koha.lib.tpu.ru/cgi-bin/koha/opac-detail.pl?biblionumber=312283

MARC

LEADER 00000nam0a2200000 4500
001 312283
005 20231102002454.0
035 |a (RuTPU)RU\TPU\book\337651 
090 |a 312283 
100 |a 20151219d2015 k y0rusy50 ca 
101 0 |a rus 
102 |a RU 
105 |a a dm 001zy 
200 1 |a Термоупругие мартенситные превращения и функциональные свойства в монокристаллах ферромагнитного сплава Co- Ni- Ga с наноразмерными частицами γ'- фазы   |e автореферат диссертации на соискание ученой степени кандидата физико-математических наук  |e Спец. 01.04.07  |f И. В. Куксгаузен  |g Национальный исследовательский Томский государственный университет (ТГУ), Сибирский физико-технический институт им. В. Д. Кузнецова (СФТИ), Физический факультет ; науч. рук. И. В. Киреева 
210 |a Томск  |d 2015 
215 |a 23 с.  |c ил. 
300 |a Защита сост. 17.12.2015 г. 
320 |a Библиогр.: с. 20-23. (33 назв.). 
606 1 |a Сжатие  |x (сопротивление материалов)  |2 stltpush  |3 (RuTPU)RU\TPU\subj\54727  |9 72832 
610 1 |a физика 
610 1 |a наноразмерные частицы 
610 1 |a монокристаллы 
610 1 |a ферромагнитные сплавы 
610 1 |a термоупругие мартенситные превращения 
610 1 |a высокие напряжения 
610 1 |a дисперсные частицы 
610 1 |a металлические сплавы 
610 1 |a мартинисты 
610 1 |a авторефераты диссертаций 
675 |a 539.41(04)  |v 3 
686 |a 01.04.07  |2 oksvnk 
700 1 |a Куксгаузен  |b И. В.  |g Ирина Владимировна 
702 1 |a Киреева  |b И. В.  |g Ирина Васильевна  |4 727 
712 0 2 |a Национальный исследовательский Томский государственный университет (ТГУ)  |b Сибирский физико-технический институт им. В. Д. Кузнецова (СФТИ)  |b Физический факультет  |2 stltpush  |3 (RuTPU)RU\TPU\col\19072 
801 1 |a RU  |b 63413507  |c 20151219 
801 2 |a RU  |b 63413507  |c 20151224  |g RCR 
942 |c BK